Szczegóły MARC21

Kodeks postępowania cywilnego : komentarz. T. 6, Międzynarodowe postępowanie cywilne ; Sąd polubowny (arbitrażowy) /

003 -Nazwa inst., której nr kontr. jest w polu 001 [,]
    • @
    • Nazwa instytucji, której n kontrolny jest w polu 001
    • NUKAT
005 -DATA I CZAS OSTATNIEJ MODYFIKACJI [,]
    • @
    • pole kontrolne
    • 20241231090522.0
020 -Międzynarod. znormalizowany nr książki - ISBN [ , ]
    • a
    • Numer ISBN
    • 9788326489334 Find
040 -Instytucja sporządzająca opis [ , ]
    • a
    • Instytucja, która sporządziła opis (NP)
    • KR 306/AR
    • c
    • Instytucja, która sporządziła rekord (NP)
    • KR 306/AR
    • d
    • Instytucja, która zmodyfikowała rekord (P)
    • KR 306/LS
    • d
    • Instytucja, która zmodyfikowała rekord (P)
    • KAT U/MBs
942 -Rodzaj dokumentu [ , ]
    • c
    • Rodzaj dokumentu
    • Książka
100 -Hasło główne - nazwa osobowa [1, ]
    • a
    • Nazwa osobowa (NP)
    • Ciszewski, Jan.
    • 9
    • KHW
    • 8526
245 -Strefa tytułu i oznaczenia odpowiedzialności [1,0]
    • a
    • Tytuł
    • Kodeks postępowania cywilnego : Find
    • b
    • Ciąg dalszy tytułu (NP)
    • komentarz. Find
    • n
    • Oznaczenie części (P)
    • T. 6,
    • p
    • Nazwa części (P)
    • Międzynarodowe postępowanie cywilne ; Sąd polubowny (arbitrażowy) /
    • c
    • Pozostałe elementy strefy tytułu i oznaczenia odpowiedzialności (NP)
    • redakcja naukowa Tadeusz Ereciński ; Jan Ciszewski, Tadeusz Ereciński, Paweł Grzegorczyk, Karol Weitz.
246 -Wariant tytułu [3,0]
    • a
    • Tytuł (NP)
    • Międzynarodowe postępowanie cywilne
246 -Wariant tytułu [3,0]
    • a
    • Tytuł (NP)
    • Sąd polubowny (arbitrażowy)
250 -Strefa wydania [ , ]
    • a
    • Oznaczenie wydania (NP)
    • Wyd. 5., stan prawny na 1 grudnia 2016 r.
260 -Strefa adresu wydawniczego [ , ]
    • a
    • Miejsce wydania (P)
    • Warszawa :
    • b
    • Nazwa wydawcy (P)
    • Wolters Kluwer,
    • c
    • Data wydania (P)
    • 2017.
300 -Strefa opisu fizycznego [ , ]
    • a
    • Określenie formy książki i/lub objętość (NP)
    • 1045, [1] s. ;
    • c
    • Format (NP)
    • 25 cm.
336 -Typ zawartości [ , ]
    • a
    • Termin opisujący typ zawartości
    • Tekst
    • b
    • Kod określający zawartość
    • txt
    • 2
    • Źródło (terminu i kodu)
    • rdacontent
337 -Typ mediów [ , ]
    • a
    • Tryb odtwarzania
    • Bez urządzenia pośredniczącego
    • b
    • Kod typu mediów
    • n
    • 2
    • Źródło (terminu i kodu)
    • rdamedia
338 -Typ/rodzaj nośnika [ , ]
    • a
    • Hasło opisujące typ nośnika
    • Wolumin
    • b
    • Kod typu nośnika
    • nc
    • 2
    • Źródło (terminu i kodu)
    • rdacarrier
500 -Uwaga ogólna [ , ]
    • a
    • Uwaga ogólna (NP)
    • Z uwzględnieniem ustawy z dnia 23 września 2016 r. o pozasądowym rozwiązywaniu sporów konsumenckich (Dz. U. poz. 1823), która wchodzi w życie z dniem 10 stycznia 2017 r.
500 -Uwaga ogólna [ , ]
    • a
    • Uwaga ogólna (NP)
    • Na grzbiecie: Tom VI Art. 1096-1217.
504 -Uwaga dot. bibliogr. załącznikowej [ , ]
    • a
    • Uwaga dot. bibliografii załącznikowej
    • Bibliogr. przy rozdz. Indeks.
650 -Hasło przedmiotowe [ ,7]
    • a
    • Hasło przedmiotowe
    • Postępowanie cywilne
    • x
    • Określnik rzeczowy
    • interpretacja
    • z
    • Określnik geograficzny
    • Polska.
    • 2
    • Źródło terminu
    • kaba
    • 9
    • KHW
    • 359501
650 -Hasło przedmiotowe [ ,7]
    • a
    • Hasło przedmiotowe
    • Postępowanie cywilne
    • z
    • Określnik geograficzny
    • Polska
    • v
    • Określnik formalny
    • kodeksy.
    • 2
    • Źródło terminu
    • kaba
    • 9
    • KHW
    • 358679
650 -Hasło przedmiotowe [ ,7]
    • a
    • Hasło przedmiotowe
    • Arbitraż międzynarodowy
    • x
    • Określnik rzeczowy
    • legislacja.
    • 2
    • Źródło terminu
    • kaba
    • 9
    • KHW
    • 414199
700 -Hasło dodatkowe - nazwa osobowa [1, ]
    • a
    • Nazwa osobowa (NP)
    • Ereciński, Tadeusz Find
    • d
    • Daty biograficzne (NP)
    • (1946- ).
    • 9
    • KHW
    • 31769
700 -Hasło dodatkowe - nazwa osobowa [1, ]
    • a
    • Nazwa osobowa (NP)
    • Grzegorczyk, Paweł Find
    • d
    • Daty biograficzne (NP)
    • (1977- ).
    • 9
    • KHW
    • 24042
700 -Hasło dodatkowe - nazwa osobowa [1, ]
    • a
    • Nazwa osobowa (NP)
    • Weitz, Karol Find
    • d
    • Daty biograficzne (NP)
    • (1974- ).
    • 9
    • KHW
    • 835
710 -Hasło dodatkowe - nazwa ciała zbiorowego [2, ]
    • a
    • Nazwa ciała zbiorowego lub nazwa geograficzna jako pierwszy element (NP)
    • Wolters Kluwer Polska.
    • 4
    • Kod relacji
    • pbl
    • 9
    • KHW
    • 52677
920 -ISBN [ , ]
    • a
    • ISBN
    • 978-83-264-8933-4 Find
Numer inwentarzowy Data inwentaryzacji Sygnatura Lokalizacja Status udost.
SA.241452017-04-27SA.24145BSA1